00781nam a2200217Ia 4500008004100000020001800041022001500059040001300074082004300087245009700130260003900227300003000266500004000296650005200336650003300388650004800421700002700469990003700496991001100533999001900544191130s2008##################000#0#eng## a9780415422727 a2008021246 aACLcACL aHQ1240.5.D44 G457 2008 306.3/615091724 aGender and development : critical concepts in development studiescedited by Janet D. Momsen aNew York ; LondonbRoutledgec2008 a4 v. : ill., maps ; 24 cm aIncludes bibliographical references aSexual division of labor - Developing countries aWomen - Developing countries aWomen in development - Developing countries aMomsen, Janet Henshall aa962c3c6ac10000c53f8380cf2264e9a a218867 c264756d264756